5HLuxD.jpg

KING HENRY VIII SENIOR AND PRIMARY SCHOOL LIBRARY OPAC

The paper & hearts society / (Record no. 1084)

000 -LEADER
fixed length control field 01120nam a22002057a 4500
005 - DATE AND TIME OF LATEST TRANSACTION
control field 20210531102953.0
008 - FIXED-LENGTH DATA ELEMENTS--GENERAL INFORMATION
fixed length control field 210531b ||||| |||| 00| 0 eng d
020 ## - INTERNATIONAL STANDARD BOOK NUMBER
International Standard Book Number 9781444949230
040 ## - CATALOGING SOURCE
Transcribing agency KH8
082 ## - DEWEY DECIMAL CLASSIFICATION NUMBER
Classification number FIC POW
100 ## - MAIN ENTRY--PERSONAL NAME
Personal name Powrie, Lucy
Relator term author
245 ## - TITLE STATEMENT
Title The paper & hearts society /
Statement of responsibility, etc. Lucy Powrie
246 ## - VARYING FORM OF TITLE
Title proper/short title The paper and hearts society
260 ## - PUBLICATION, DISTRIBUTION, ETC.
Place of publication, distribution, etc. London :
Name of publisher, distributor, etc. Hodder Children's Books,
Date of publication, distribution, etc. 2019.
300 ## - PHYSICAL DESCRIPTION
Extent 353 p. ;
Dimensions 20 cm
440 ## - SERIES STATEMENT/ADDED ENTRY--TITLE
Title The Paper & Hearts Society ;
Number of part/section of a work Book 1.
520 ## - SUMMARY, ETC.
Summary, etc. Tabby Brown is tired of trying to fit in with her classmates. She doesn't want to go to parties at the weekend - in fact, she would much rather snuggle up on the sofa with her favourite book. It's like she hasn't found her people. That is until she moves to a new town where a book club, The Paper & Hearts Society, is recruiting. Tabby might just be in luck. Enough of her old "friends" who only talk to her when they need something. It's time for Quidditch themed fancy dress parties, games like "shut up and Shakespeare" and lots of chocolate.
650 ## - SUBJECT ADDED ENTRY--TOPICAL TERM
Topical term or geographic name entry element Young adult fiction
942 ## - ADDED ENTRY ELEMENTS (KOHA)
Source of classification or shelving scheme
Koha item type Books - Fiction
Holdings
Withdrawn status Lost status Source of classification or shelving scheme Damaged status Not for loan Collection code Permanent Location Current Location Shelving location Date acquired Total Checkouts Full call number Barcode Date due Date last seen Date last checked out Price effective from Koha item type
          Fiction KH8 Senior School Library KH8 Senior School Library Fiction 2021-05-31 1 FIC POW 3KHSL000101808 2022-06-10 2022-05-26 2022-05-26 2021-05-31 Books - Fiction

Powered By KH8 IT Dept